Experiencias de trascendencia: fenomenología y crítica
Spremljeno u:
| Glavni autor: | |
|---|---|
| Format: | Knjiga |
| Jezik: | španjolski |
| Izdano: |
Barcelona
Herder
2006
|
| Teme: | |
| Oznake: |
Dodaj oznaku
Bez oznaka, Budi prvi tko označuje ovaj zapis!
|
MARC
| LEADER | 00000cam a2200000 a 4500 | ||
|---|---|---|---|
| 001 | UCJ9454 | ||
| 003 | CL-VaPUC | ||
| 008 | 070316e20060000SP |||||||||||||||||spa|d | ||
| 020 | |a 842542397X | ||
| 082 | 0 | 4 | |a 111.6 |b ROY |2 21 |
| 100 | 0 | |a Roy, Louis |e author |9 519488 | |
| 245 | 1 | 0 | |a Experiencias de trascendencia: fenomenología y crítica |
| 300 | |a 341 p | ||
| 942 | |c BK | ||
| 945 | |d 20070316 00:00:00 |a lvergara | ||
| 260 | |a Barcelona |b Herder |c 2006 | ||
| 650 | 0 | |a Experiencia religiosa |9 315549 | |
| 650 | 0 | |a Fenomenología |9 256519 | |
| 650 | 0 | |a Ontología |9 256850 | |
| 583 | |a last modification |c 20170413 11:04:47 |k Rodrigo Vera | ||
| 999 | |c 324977 |d 324975 | ||
| 952 | |0 0 |1 0 |4 0 |6 111_600000000000000_ROY_2006 |7 0 |8 A |9 405400 |a BIBEDU |b BIBEDU |d 2019-11-22 |i 432384K |l 1 |o 111.6 ROY 2006 |p 432384K |r 2024-04-23 |s 2024-04-16 |w 2019-11-22 |y BK |k FIL | ||
| 952 | |0 0 |1 0 |4 0 |6 111_600000000000000_ROY_2006 |7 0 |8 A |9 405401 |a BIBTEO |b BIBTEO |d 2019-11-22 |i 435253K |o 111.6 ROY 2006 |p 435253K |r 2025-01-17 |w 2019-11-22 |y BK |k ICR | ||
| 952 | |0 0 |1 0 |3 erb |4 0 |6 111_600000000000000_ROY_2006 |7 0 |8 A |9 405402 |a BIBTEO |b BIBTEO |i 5372933 |o 111.6 ROY 2006 |p 5372933 |r 2025-01-17 |w 2019-11-22 |y BK |z Catalogado en:20170414 |k ICR | ||